Sports Quiz

Random Sports or College Quiz
Score 0/20 Timer 07:00
0 Plays Today
Hint Answer % Correct
Primary RivalCalifornia
97.3%
StateCalifornia
96.8%
Team ColorTrue Blue
96.1%
Team ColorGold
95.7%
NicknameBruins
93.5%
Primary RivalUSC
86.7%
ConferencePac-12
84.9%
CityLos Angeles
84.3%
Famous Alum: QB Troy ______Aikman
83.3%
No. of Men's Varsity Sports11
80.8%
Hint Answer % Correct
No. of Women's Varsity Sports14
80.5%
Famous Alum: C Bill _______Walton
68.2%
Football StadiumRose Bowl
65.2%
Basketball ArenaPauley Pavilion
41.8%
Sport w/ most NCAA ChampionshipsMen's Volleyball (19)
36.2%
Baseball StadiumJackie Robinson Stadium
23.1%
MascotJoe
21.3%
Athletic DirectorDan Guerrero
17.4%
MascotJosephine
14.9%
Fight SongSons of Westwood
14.6%
Remove Ads.
Support Sporcle.
Get the best of Sporcle when you Go Orange. This ad-free experience offers more features, more stats, and more fun while also helping to support Sporcle. Thank you for becoming a member.

You're not logged in!

Compare scores with friends on all Sporcle quizzes.
OR
Log In

Show Comments

Extras

Top Quizzes Today


Score Distribution

Your Account Isn't Verified!

In order to create a playlist on Sporcle, you need to verify the email address you used during registration. Go to your Sporcle Settings to finish the process.

Report this User

Report this user for behavior that violates our Community Guidelines.

Details: